Разработка структуры шагового электропривода для системы наведения фотоэлектрической установки при действии ветровой нагрузки; Энергетика: эффективность, надежность, безопасность; Т. 1

Detaylı Bibliyografya
Parent link:Энергетика: эффективность, надежность, безопасность: материалы XXI Всероссийской научно-технической конференции, 2-4 декабря 2015 г., Томск/ Национальный исследовательский Томский политехнический университет (ТПУ) [и др.] ; ред. кол. В. В. Литвак [и др.].— , 2015
Т. 1.— 2015.— [С. 4-6]
Yazar: Аржанов К. В.
Müşterek Yazar: Национальный исследовательский Томский политехнический университет (ТПУ)
Diğer Yazarlar: Аржанова А. В.
Özet:Заглавие с титульного экрана
Dil:Rusça
Baskı/Yayın Bilgisi: 2015
Seri Bilgileri:Эффективность электроэнергетических установок и систем
Konular:
Online Erişim:http://earchive.tpu.ru/handle/11683/14790
http://www.lib.tpu.ru/fulltext/c/2015/C15/V1/001.pdf
Materyal Türü: MixedMaterials Elektronik Kitap Bölümü
KOHA link:https://koha.lib.tpu.ru/cgi-bin/koha/opac-detail.pl?biblionumber=616542

MARC

LEADER 00000naa2a2200000 4500
001 616542
005 20231101132920.0
035 |a (RuTPU)RU\TPU\conf\14793 
090 |a 616542 
100 |a 20160111d2015 k y0rusy50 ca 
101 0 |a rus 
102 |a RU 
105 |a y z 101zy 
135 |a drgn ---uucaa 
181 0 |a i  
182 0 |a b 
200 1 |a Разработка структуры шагового электропривода для системы наведения фотоэлектрической установки при действии ветровой нагрузки  |f К. В. Аржанов, А. В. Аржанова 
203 |a Текст  |c электронный 
225 1 |a Эффективность электроэнергетических установок и систем 
230 |a 1 компьютерный файл (pdf; 668 Kb) 
300 |a Заглавие с титульного экрана 
320 |a [Библиогр.: с. 6 (5 назв.)] 
337 |a Adobe Reader 
461 1 |0 (RuTPU)RU\TPU\conf\14426  |t Энергетика: эффективность, надежность, безопасность  |o материалы XXI Всероссийской научно-технической конференции, 2-4 декабря 2015 г., Томск  |o в 2 т.  |f Национальный исследовательский Томский политехнический университет (ТПУ) [и др.] ; ред. кол. В. В. Литвак [и др.]  |d 2015 
463 0 |0 (RuTPU)RU\TPU\conf\14432  |t Т. 1  |v [С. 4-6]  |d 2015 
610 1 |a труды учёных ТПУ 
610 1 |a электронный ресурс 
610 1 |a структуры 
610 1 |a шаговые электроприводы 
610 1 |a системы наведения 
610 1 |a фотоэлектрические установки 
610 1 |a ветровые нагрузки 
700 1 |a Аржанов  |b К. В. 
701 1 |a Аржанова  |b А. В. 
712 0 2 |a Национальный исследовательский Томский политехнический университет (ТПУ)  |c (2009- )  |2 stltpush  |3 (RuTPU)RU\TPU\col\15902 
801 2 |a RU  |b 63413507  |c 20210127  |g RCR 
856 4 |u http://earchive.tpu.ru/handle/11683/14790 
856 4 |u http://www.lib.tpu.ru/fulltext/c/2015/C15/V1/001.pdf 
942 |c BK